Central American jungles

Αποθηκεύτηκε σε:
Λεπτομέρειες βιβλιογραφικής εγγραφής
Κύριος συγγραφέας: Moser, Don
Συγγραφή απο Οργανισμό/Αρχή: Time-Life Books
Μορφή: Βιβλίο
Γλώσσα:English
Δημοσίευση: New York : Time-Life Books, c1975
Σειρά:World's wild places
Θέματα:
Ετικέτες: Προσθήκη ετικέτας
Δεν υπάρχουν, Καταχωρήστε ετικέτα πρώτοι!

MARC

LEADER 00000nam a2200000 i 4500
001 1/41877
008 941103s1975 eng d
020 |a 0-7054-0168-5 
035 |a 1994  |l 10041621 
040 |a GR-MY-UA  |b gre  |e aacr 
041 0 |a eng 
082 0 |a 508.728 
100 1 |a Moser, Don. 
245 1 0 |a Central American jungles /  |c by Don Moser and the editors of Time-Life Books ; with photographs by C. Rentmeester 
260 |a New York :   |b Time-Life Books,   |c c1975 
300 |a 184 p.;  |b ill.;  |c 26 cm. 
490 1 |a The World's Wilde Places 
500 |a Includes bibliography and index 
650 0 0 |a Natural history  |z Central America. 
650 0 0 |a Jungle animals. 
710 2 |a Time-Life Books. 
830 0 |a World's wild places 
852 |a INST  |b SAMOS  |e 19941103  |h 508.728 MOS  |p 005300009089  |q 005300009089  |t BK  |y 0 
909 |a Σ  |b 034222